00434nam a2200157 a 4500008004100000050001600041100001700057245003000074246006100104260002700165300002600192350000900218650001200227650001900239650001800258120416s1979 ||||||||||||||||| || u aHD 7391 Bro aBromley, Ray14aThe urban informal sector acritical perspectives on employment and housing policies aOxfordbPergamonc1979 av, 1031-1200p. : ill. a0.00 aHOUSING 0aHOUSING POLICY aURBAN HOUSING